Song Lyrics Rammstein - Rein Raus - Statistics

General Stats
  • This quiz has been taken 37 times
  • The average score is 110 of 142
Answer Stats
Answer % Correct
Ich
100%
ich
100%
raus
100%
Rein,
100%
Rein
100%
bin
96%
der
96%
Der
96%
Du
96%
bist
92%
das
88%
Das
88%
Reiter
88%
es,
84%
es
84%
Es
84%
Ross
84%
hab
80%
Hab
80%
Tiefer,
76%
tiefer
76%
(tiefer),
76%
(tiefer)
76%
den
72%
Ein
72%
ein
72%
laut
72%
leid
72%
mir
72%
sag
72%
Sag
72%
tut
72%
auf
68%
auf,
68%
Die
68%
Elefant
68%
hast
68%
Schloss
68%
zu
68%
aus
64%
Muss
64%
Schlüssel
64%
steige
64%
auch
60%
geritten
60%
im
60%
in
60%
keine
60%
kurz
60%
Und
60%
werden
60%
Wir
60%
Wollen
60%
Zeit
60%
anderen
56%
Pferden
56%
Ritt
56%
stöhnst
56%
war
56%
ab
52%
brechen
52%
dir
52%
jetzt
52%
los
52%
kann
48%
mich
48%
Nadelöhr
48%
reiten
48%
sein
48%
tausend
48%
deiner
44%
vor
44%
Elefanten
40%
fühl
40%
geht
40%
Haut
40%
Leben
40%
so
40%
wohl
40%
prachtvoll
36%
Tür
36%
trete
28%
No matching quizzes found
Score Distribution
Percent of People with Each Score
Percentile by Number Answered
Your Score History
You have not taken this quiz